Súčasná slovenská literatúra, diabolská zmluva s teóriou a genitalisti

Bibliographic Details
Main Author: Beasley-Murray, Tim, 1971- (Author)
Other Authors: Bombíková-Maudgil, Petra (Translator)
Format: Article
Language:Slovak
ISSN:1335-1702
Subjects:

MARC

LEADER 00000nab a2200000 a 4500
001 vtls000738376
003 SK-MaSNL
005 20260304104745.0
008 250429c2000 xo 0 slo
015 |a SNBRB2000/11-27580 
035 |a CLN000090242 
035 |a urn:nbn:sk:snk-ab9xc7 
035 |a (urnnbn)urn:nbn:sk:snk:ar-a093d7 
035 |a (uuid)3be4c998-abba-4b32-90ca-dd45a6d1b309 
040 |a SNKBUCL  |b slo  |c SNKBUCL  |e AACR2 
041 0 |a slo 
044 |a xo  |c SK 
080 |a 82(091):885.4"19"  |2 1997 
080 |a 885.4(091)"19"  |2 1997 
080 |a 82.09:885.4-3  |2 1997 
080 |a 885.4-3.09  |2 1997 
100 1 |a Beasley-Murray, Tim,  |d 1971-  |4 aut  |9 911152 
245 1 0 |a Súčasná slovenská literatúra, diabolská zmluva s teóriou a genitalisti  |c Tim Beasley-Murray ; preložila Petra Bombíková-Maudgil 
504 |a Bibliogr. odkazy 
650 0 7 |a próza slovenská  |y stor. 20., r. 90.  |2 snkbucl  |9 911376 
655 7 |a články z novín a časopisov  |2 snkbucl  |9 267496 
700 1 |a Bombíková-Maudgil, Petra  |4 trl  |9 1405241 
773 0 |t RAK  |g Roč. 5, č. 3 (2000), s. 10-18  |x 1335-1702 
850 |a Slovenská národná knižnica 
852 |a Slovenská národná knižnica 
958 |a article13 
958 |a OND 
958 |a LX 
958 |a SK 
958 |a NB 
958 |a EUIPO 
992 |a RBX 
999 |c 2852849  |d 2854779